000 00483nam a2200193Ia 4500
005 20250923144827.0
008 008 250917s9999 xx 000 0 eng d
037 _aTextual
040 _aDSWL
_beng
_cDSWL
041 _aeng
_2eng
084 _qDSWL
245 4 _aThe national sample survey general report no.-3 1951
260 _aIndia
_bGovt.of India
_c1954
300 _a63p.
365 _aINR
_b2.37
925 _g2.37
942 _cTEXL
999 _c1443847
_d1443847